Histoire des pensées sociologiques (notice n° 2198589)
[ vue normale ]
| 000 -LEADER | |
|---|---|
| fixed length control field | 01453cam a2200145 4500500 |
| 005 - DATE AND TIME OF LATEST TRANSACTION | |
| control field | 20260405085551.0 |
| 041 ## - LANGUAGE CODE | |
| Language code of text/sound track or separate title | fre |
| 042 ## - AUTHENTICATION CODE | |
| Authentication code | dc |
| 100 10 - MAIN ENTRY--PERSONAL NAME | |
| Personal name | Delas, Jean-Pierre |
| Relator term | author |
| 245 00 - TITLE STATEMENT | |
| Title | Histoire des pensées sociologiques |
| 260 ## - PUBLICATION, DISTRIBUTION, ETC. | |
| Name of publisher, distributor, etc. | Armand Colin,<br/> |
| Date of publication, distribution, etc. | 2015.<br/> |
| 520 ## - SUMMARY, ETC. | |
| Summary, etc. | Connaître l’histoire des pensées sociologiques est une étape essentielle pour tous ceux qui souhaitent aborder cette vaste discipline qu’est la sociologie. C’est en se familiarisant avec les modèles scientifiques et les théories concurrentes que l’on peut saisir l’originalité des discours sur le social et dépasser leurs apparentes contradictions (individu vs société, subjectivisme vs objectivisme…). Le présent ouvrage, qui fait référence depuis sa première édition, s’organise autour de trois dimensions : une présentation détaillée des grands sociologues, de leurs analyses et de leurs outils ; un retour aux textes originaux ; une approche historique et un regroupement par familles de pensée afin de situer les principaux débats. Cette quatrième édition a été complétée de nouvelles présentations et augmentée d’un chapitre sur les relations de la sociologie avec trois de ses disciplines voisines : l’économie, l’anthropologie et la psychologie. |
| 700 10 - ADDED ENTRY--PERSONAL NAME | |
| Personal name | Milly, Bruno |
| Relator term | author |
| 856 41 - ELECTRONIC LOCATION AND ACCESS | |
| Uniform Resource Identifier | <a href="https://shs.cairn.info/histoire-des-pensees-sociologiques--9782200601454?lang=fr&redirect-ssocas=7080">https://shs.cairn.info/histoire-des-pensees-sociologiques--9782200601454?lang=fr&redirect-ssocas=7080</a> |
Pas d'exemplaire disponible.




Réseaux sociaux